Score 0/12 Timer 01:00
1 Play Today
% Correct
Hebrew
91.8%
Aramaic
89.6%
Arabic
84.9%
Assyrian
81.1%
Amharic
80.6%
Syriac
75.3%
Akkadian
60.7%
Mandaic
55.7%
Mehri
51%
Harsusi
47.1%
Maltese
36%
Tigrigna
34.6%

Today's Daily Dose

Remove Ads.
Support Sporcle.
Get the best of Sporcle when you Go Orange. This ad-free experience offers more features, more stats, and more fun while also helping to support Sporcle. Thank you for becoming a member.

You're not logged in!

Compare scores with friends on all Sporcle quizzes.
OR
Log In

Show Comments

Extras

Top Quizzes Today


Score Distribution

Your Account Isn't Verified!

In order to create a playlist on Sporcle, you need to verify the email address you used during registration. Go to your Sporcle Settings to finish the process.

Report this User

Report this user for behavior that violates our Community Guidelines.

Details: